000 14111nam a22009257a 4500
005 20120622121928.0
010 _aB-483360-410
020 _a9789380071091 (भाग-1)
_c500.00
020 _a9789380071107 (भाग-2)
_c500.00
020 _a9789380071114
_c500.00
035 _aB-483360-410
037 _bके.के.पब्लिकेशंस
082 _a328.35
100 _aजैन, धर्मचन्द
_952921
245 _aलोकसभा/
_cधर्मचन्द जैन
260 _aजयपुर
_bअग्रवाल पब्लिशिंग हाउस
_c2011
270 _a1885, सुखलाल व्यास की गली, नाटाणियों का रास्ता
_bजयपुर
_e302003
300 _a3 भाग( iv,236,v,250,iii,204 पृ)
_c22 सें.मी.(सजिल्द)
500 _a3 भागों में प्रकाशित
500 _a(3 भाग)रू.1500.00
505 _aभाग-1(1950-1987) ;भाग-2 (1987-2008 तक)
700 _949376
700 _949377
700 _949373
700 _949374
942 _2ddc
_cHN
_mजैनध
_h328.35
999 _c68113
_d68113